<?xml version="1.0" encoding="UTF-8"?>
<record
    xmlns:xsi="http://www.w3.org/2001/XMLSchema-instance"
    xsi:schemaLocation="http://www.loc.gov/MARC21/slim http://www.loc.gov/standards/marcxml/schema/MARC21slim.xsd"
    xmlns="http://www.loc.gov/MARC21/slim">

  <leader>03263nam a22003374i 4500</leader>
  <controlfield tag="003">PE-LiUPU</controlfield>
  <controlfield tag="005">20260325121312.0</controlfield>
  <controlfield tag="008">090900s2009    pe a     b    000 0 spa d</controlfield>
  <datafield tag="035" ind1=" " ind2=" ">
    <subfield code="a">PE-LiUPU000002</subfield>
  </datafield>
  <datafield tag="040" ind1=" " ind2=" ">
    <subfield code="a">PE-LiUPU</subfield>
    <subfield code="b">spa</subfield>
    <subfield code="c">PE-LiUPU</subfield>
    <subfield code="e">rda</subfield>
  </datafield>
  <datafield tag="041" ind1="0" ind2=" ">
    <subfield code="a">spa</subfield>
  </datafield>
  <datafield tag="082" ind1="0" ind2="4">
    <subfield code="a">343.685</subfield>
    <subfield code="b">P471a</subfield>
    <subfield code="2">TP</subfield>
  </datafield>
  <datafield tag="110" ind1="2" ind2=" ">
    <subfield code="a">Per&#xFA;.</subfield>
    <subfield code="b">Defensor&#xED;a del Pueblo,</subfield>
    <subfield code="e">autor.</subfield>
  </datafield>
  <datafield tag="245" ind1="1" ind2="0">
    <subfield code="a">Aplicaci&#xF3;n del silencio administrativo :</subfield>
    <subfield code="b">retos y tareas pendientes /</subfield>
    <subfield code="c">Defensor&#xED;a del Pueblo ; [elaborado por Enzo Paolo Paredes Casta&#xF1;eda].</subfield>
  </datafield>
  <datafield tag="264" ind1=" " ind2="1">
    <subfield code="a">Lima :</subfield>
    <subfield code="b">Defensor&#xED;a del Pueblo,</subfield>
    <subfield code="c">2009.</subfield>
  </datafield>
  <datafield tag="300" ind1=" " ind2=" ">
    <subfield code="a">316 p&#xE1;ginas :</subfield>
    <subfield code="b">ilustraciones ;</subfield>
    <subfield code="c">30 cm</subfield>
  </datafield>
  <datafield tag="336" ind1=" " ind2=" ">
    <subfield code="a">text</subfield>
    <subfield code="2">rdacontent</subfield>
  </datafield>
  <datafield tag="337" ind1=" " ind2=" ">
    <subfield code="a">unmediated</subfield>
    <subfield code="2">rdamedia</subfield>
  </datafield>
  <datafield tag="338" ind1=" " ind2=" ">
    <subfield code="a">volume</subfield>
    <subfield code="2">rdacarrier</subfield>
  </datafield>
  <datafield tag="490" ind1="0" ind2=" ">
    <subfield code="a">Serie informes defensoriales ;</subfield>
    <subfield code="v">145</subfield>
  </datafield>
  <datafield tag="500" ind1=" " ind2=" ">
    <subfield code="a">Primera edici&#xF3;n: septiembre de 2009.</subfield>
  </datafield>
  <datafield tag="500" ind1=" " ind2=" ">
    <subfield code="a">Tiraje de 1000 ejemplares.</subfield>
  </datafield>
  <datafield tag="504" ind1=" " ind2=" ">
    <subfield code="a">Incluye referencias bibliogr&#xE1;ficas.</subfield>
  </datafield>
  <datafield tag="505" ind1="0" ind2=" ">
    <subfield code="a">El silencio administrativo: origen, concepto y clases -- Origen del silencio administrativo -- El concepto de silencio administrativo -- Clases de silencio administrativo: positivo y negativo -- El silencio administrativo en el derecho comparado -- Espa&#xF1;a -- Chile -- Argentina -- Ecuador -- Colombia -- M&#xE9;xico -- Recomendaci&#xF3;n 90/246/CEE -- El silencio administrativo en el Per&#xFA; -- Consideraciones generales -- Normatividad sobre el silencio administrativo -- Los procedimientos administrativos -- El silencio administrativo -- El silencio administrativo positivo -- El silencio administrativo negativo -- Responsabilidad del funcionario y servidor p&#xFA;blico -- Medios para denunciar al funcionario y servidor p&#xFA;blico -- El silencio administrativo en materia de recursos -- El silencio administrativo y el proceso contencioso-administrativo -- Obligaciones derivadas de la normatividad sobre silencio administrativo -- La labor de la secretar&#xED;a de gesti&#xF3;n p&#xFA;blica de la PCM, La contralor&#xED;a general de la rep&#xFA;blica y la Comisi&#xF3;n de eliminaci&#xF3;n de Barreras Burocr&#xE1;ticas del INDECOPI -- La Intervenci&#xF3;n de la Defensor&#xED;a del Pueblo en el proceso de implementaci&#xF3;n de la normatividad sobre silencio administrativo -- Resultados de las actividades realizadas -- Actividades de capacitaci&#xF3;n -- Reuniones de coordinaci&#xF3;n y mesas de trabajo -- Acciones de difusi&#xF3;n, informaci&#xF3;n y capacitaci&#xF3;n del contenido de la Ley del Silencio Administrativo, a favor de su personal y p&#xFA;blico usuario -- Seguimiento de procedimientos contenidos en los TUPAs ante la PCM -- Supervisi&#xF3;n del PSCE y portales institucionales respecto a la publicaci&#xF3;n de TUPAs -- Verificaci&#xF3;n de normas internas sobre fiscalizaci&#xF3;n posterior -- Supervisi&#xF3;n de la CRA  a cargo de la Secretar&#xED;a de Gesti&#xF3;n P&#xFA;blica -- Supervisi&#xF3;n a jefes del OCI respecto de la entrega del informe mensual al titular de la entidad -- Casos ilustrativos (Quejas) -- Conclusiones y Recomendacones</subfield>
  </datafield>
  <datafield tag="546" ind1=" " ind2=" ">
    <subfield code="a">Texto en espa&#xF1;ol.</subfield>
  </datafield>
  <datafield tag="650" ind1="1" ind2="8">
    <subfield code="a">Silencio administrativo</subfield>
    <subfield code="x">Legislaci&#xF3;n</subfield>
    <subfield code="z">Per&#xFA;</subfield>
  </datafield>
  <datafield tag="650" ind1="2" ind2="8">
    <subfield code="a">Procedimiento administrativo</subfield>
    <subfield code="z">Per&#xFA;.</subfield>
  </datafield>
  <datafield tag="700" ind1=" " ind2=" ">
    <subfield code="a">Paredes Casta&#xF1;eda, Enzo Paolo,</subfield>
    <subfield code="d">1982-</subfield>
    <subfield code="9">8269</subfield>
    <subfield code="e">elaborador del informe.</subfield>
  </datafield>
  <datafield tag="942" ind1=" " ind2=" ">
    <subfield code="2">ddc</subfield>
    <subfield code="c">BK</subfield>
  </datafield>
  <datafield tag="980" ind1=" " ind2=" ">
    <subfield code="6">18228</subfield>
    <subfield code="a">Rebeca Esther Huerta Leyton</subfield>
    <subfield code="8">18226</subfield>
    <subfield code="g">Jaime Vilcaz&#xE1;n Jefe de An&#xE1;lisis Documental</subfield>
  </datafield>
  <datafield tag="999" ind1=" " ind2=" ">
    <subfield code="c">63326</subfield>
    <subfield code="d">63325</subfield>
  </datafield>
  <datafield tag="952" ind1=" " ind2=" ">
    <subfield code="r">2026-03-31 16:40:04</subfield>
    <subfield code="l">0</subfield>
    <subfield code="o">343.685 P471a</subfield>
    <subfield code="p">83131</subfield>
    <subfield code="t">e1</subfield>
    <subfield code="v">30.00</subfield>
    <subfield code="w">2026-03-25</subfield>
    <subfield code="x">FACIHED</subfield>
    <subfield code="y">BK</subfield>
    <subfield code="1">0</subfield>
    <subfield code="2">ddc</subfield>
    <subfield code="5">0</subfield>
    <subfield code="7">0</subfield>
    <subfield code="8">GEN</subfield>
    <subfield code="f">P143</subfield>
    <subfield code="a">BUL</subfield>
    <subfield code="b">BUL</subfield>
    <subfield code="c">GEN</subfield>
    <subfield code="d">2026-02-12</subfield>
    <subfield code="e">Donaci&#xF3;n, Jhon Eden Rosario Campos</subfield>
  </datafield>
</record>
